The Novel Each Author is Best Known for 📕 - Statistics

General Stats
  • This quiz has been taken 1,288 times
    181 since last reset
  • The average score is 16 of 27
Answer Stats
Year Author Novel % Correct
1818 Mary Shelley Frankenstein
95%
1897 Bram Stoker Dracula
91%
1847 Emily Brontë Wuthering Heights
88%
1605 Miguel de Cervantes Don Quixote
87%
1960 Harper Lee To Kill a Mockingbird
87%
1851 Herman Melville Moby Dick
85%
1951 J.D. Salinger The Catcher in the Rye
85%
1890 Oscar Wilde The Picture of Dorian Gray
78%
1961 Joseph Heller Catch-22
71%
1963 Sylvia Plath The Bell Jar
68%
1936 Margaret Mitchell Gone with the Wind
62%
1759 Voltaire Candide
61%
1962 Anthony Burgess A Clockwork Orange
59%
2003 Khaled Hosseini The Kite Runner
57%
2011 E. L. James Fifty Shades of Grey
53%
1982 Alice Walker The Color Purple
52%
1962 Ken Kesey One Flew Over the Cuckoo's Nest
51%
1996 Chuck Palahniuk Fight Club
48%
1988 Paulo Coelho The Alchemist
46%
1952 Ralph Ellison Invisible Man
45%
2001 Yann Martel Life of Pi
44%
1957 Boris Pasternak Doctor Zhivago
43%
1877 Anna Sewell Black Beauty
40%
1678 John Bunyan The Pilgrim's Progress
40%
2012 Gillian Flynn Gone Girl
38%
1996 David Foster Wallace Infinite Jest
37%
1980 John Kennedy Toole A Confederacy of Dunces
23%
No matching quizzes found
Score Distribution
Percent of People with Each Score
Percentile by Number Answered
Your Score History
You have not taken this quiz since the last reset